[Event "Piestany op-B"]
[Site "Piestany"]
[Date "2023.07.18"]
[Round "8"]
[White "Florovic, Filip"]
[Black "Jencova, Anna"]
[Result "0-1"]
[WhiteElo "1000"]
[BlackElo "1000"]
[PlyCount "42"]
[EventDate "2023.07.11"]
[EventType "swiss"]
[EventRounds "9"]
[EventCountry "SVK"]
[SourceTitle "EXT 2024"]
[Source "ChessBase"]
[SourceDate "2023.10.10"]
[SourceVersion "1"]
[SourceVersionDate "2023.10.10"]
[SourceQuality "1"]

1. d4 d5 2. Nf3 Nf6 3. Nc3 Nc6 4. Bf4 Bf5 5. Nb5 Rc8 6. a3 a6 7. Bxc7 Qd7 8. Ne5 Nxe5 9. dxe5 Qxb5 10. e4 Qc5 11. exf5 Rxc7 12. exf6 exf6 13. b4 Re7+ 14. Be2 Qc3+ 15. Kf1 Re5 16. b5 Bc5 17. Qc1 Rxf5 18. bxa6 bxa6 19. Bxa6 Rxf2+ 20. Kg1 Rf5+ 21. Qe3+ Bxe3# 0-1

[Event "Piestany op-B"]
[Site "Piestany"]
[Date "2023.07.16"]
[Round "6"]
[White "Havetta, Slavomir"]
[Black "Florovic, Filip"]
[Result "1-0"]
[WhiteElo "1000"]
[BlackElo "1000"]
[PlyCount "63"]
[EventDate "2023.07.11"]
[EventType "swiss"]
[EventRounds "9"]
[EventCountry "SVK"]
[SourceTitle "EXT 2024"]
[Source "ChessBase"]
[SourceDate "2023.10.10"]
[SourceVersion "1"]
[SourceVersionDate "2023.10.10"]
[SourceQuality "1"]

1. e4 e5 2. Nf3 Nc6 3. Bc4 h6 4. c3 Nf6 5. Qe2 Bc5 6. 0-0 0-0 7. Qd1 Nxe4 8. d4 exd4 9. cxd4 Bd6 10. Nbd2 Nf6 11. d5 Ne7 12. b3 Nexd5 13. Bxd5 Nxd5 14. Nc4 b5 15. Nxd6 cxd6 16. Bb2 Bb7 17. Qd4 f6 18. Nh4 g5 19. Nf5 Qc7 20. Rac1 Bc6 21. Nxh6+ Kh7 22. Ng4 Kg6 23. Ne3 Nxe3 24. Qxe3 Qb7 25. f3 Rfe8 26. Qd3+ f5 27. Qxd6+ Re6 28. Qd4 g4 29. Qg7+ Kh5 30. fxg4+ fxg4 31. Rf5+ Kh4 32. g3+ 1-0

[Event "Piestany op-B"]
[Site "Piestany"]
[Date "2023.07.13"]
[Round "3"]
[White "Olkuski, Tadeusz"]
[Black "Florovic, Filip"]
[Result "1-0"]
[WhiteElo "1296"]
[BlackElo "1000"]
[PlyCount "65"]
[EventDate "2023.07.11"]
[EventType "swiss"]
[EventRounds "9"]
[EventCountry "SVK"]
[SourceTitle "EXT 2024"]
[Source "ChessBase"]
[SourceDate "2023.10.10"]
[SourceVersion "1"]
[SourceVersionDate "2023.10.10"]
[SourceQuality "1"]

1. e4 e5 2. Nf3 Bd6 3. Bc4 Nf6 4. d3 0-0 5. c3 Nc6 6. Bb3 b6 7. 0-0 Bb7 8. Re1 Re8 9. Nbd2 Qe7 10. Nf1 Rad8 11. Ng5 h6 12. Nxf7 Rc8 13. Nxd6+ Kf8 14. Nxc8 Bxc8 15. Ne3 d6 16. Qf3 h5 17. h3 g5 18. Nd5 g4 19. Qxf6+ Qxf6 20. Nxf6 Re7 21. Bh6+ Rg7 22. Bxg7+ Kxg7 23. Nxh5+ Kh6 24. hxg4 Bxg4 25. Nf6 Kg5 26. Nxg4 Kxg4 27. Be6+ Kg5 28. g3 Ne7 29. Kg2 Ng6 30. Rh1 Nf8 31. Bf5 Kf6 32. Rh6+ Kg5 33. Rah1 1-0

[Event "Piestany op-B"]
[Site "Piestany"]
[Date "2023.07.11"]
[Round "1"]
[White "Florovic, Filip"]
[Black "Kapolkova, Greta"]
[Result "0-1"]
[WhiteElo "1000"]
[BlackElo "1709"]
[PlyCount "54"]
[EventDate "2023.07.11"]
[EventType "swiss"]
[EventRounds "9"]
[EventCountry "SVK"]
[SourceTitle "EXT 2024"]
[Source "ChessBase"]
[SourceDate "2023.10.10"]
[SourceVersion "1"]
[SourceVersionDate "2023.10.10"]
[SourceQuality "1"]

1. d4 f5 2. Nc3 Nf6 3. Bg5 e6 4. Nf3 Bb4 5. Qd2 h6 6. Bxf6 Qxf6 7. g3 b6 8. Bg2 Bb7 9. 0-0 Nc6 10. Rad1 0-0-0 11. a3 Be7 12. e4 d5 13. e5 Qf7 14. Qd3 g5 15. Rde1 h5 16. Qd2 Rdg8 17. b4 f4 18. b5 Na5 19. a4 g4 20. Nh4 Bxh4 21. gxh4 Nc4 22. Qd3 Qe7 23. Ra1 Qxh4 24. Ra2 Rh6 25. f3 Ne3 26. Rf2 gxf3 27. Rxf3 Rxg2+ 0-1